书目信息 |
| 题名: |
辽史简编
|
|
| 作者: | 杨树森 著 | |
| 分册: | ||
| 出版信息: | 沈阳 辽宁人民出版社 1984 |
|
| 页数: | 268页 | |
| 开本: | 21cm | |
| 丛书名: | ||
| 单 册: | ||
| 中图分类: | K246.1 | |
| 科图分类: | ||
| 主题词: | 中国--历史 | |
| 电子资源: | ||
| ISBN: | ||
| 000 | 00602nam0 2200229 45 | |
| 001 | 0184012928 | |
| 005 | 20060724103715.20 | |
| 010 | @dCNY2.15 | |
| 091 | @a11090.94 | |
| 100 | @a19950522d1984 em y0chiy0121 ea | |
| 101 | 0 | @achi |
| 102 | @aCN@b210000 | |
| 105 | @afc z 000yy | |
| 200 | 10 | @a辽史简编@Aliao shi jian bian@f杨树森著 |
| 210 | @a沈阳@c辽宁人民出版社@d1984 | |
| 215 | @a268页@c肖像及图@d21cm | |
| 606 | 0 | @a中国@x历史 |
| 690 | @aK246.1 | |
| 701 | 0 | @a杨树森@Ayang shu sen@4著 |
| 801 | 2 | @aCN@bNLC@c20060724 |
| 801 | 0 | @aCN@b上海图书馆@c20040506 |
| 905 | @f2@b179907-908@dK246.1@e14 | |
| 辽史简编/杨树森著.-沈阳:辽宁人民出版社,1984 |
| 268页:肖像及图;21cm |
| ISBN :CNY2.15 |
| ● |
| 相关链接 |
|
|
|
|
正题名:辽史简编
索取号:K246.1/14
 
预约/预借
| 序号 | 登录号 | 条形码 | 馆藏地/架位号 | 状态 | 备注 |
| 1 | 0179907 | 000644486 | 第二借阅区/ [索取号:K246.1/14] | 在馆 | |
| 2 | 0179908 | 000644477 | 第二借阅区/ [索取号:K246.1/14] | 在馆 | |
| 3 | 0179909 | 202119947 | 第二样本阅览室/ [索取号:K246.1/14] | 在馆 | |
| 4 | 0435827 | 204358275 | 密集书库/ [索取号:K246.1/14] | 在馆 | |
| 5 | 0435828 | 204358284 | 密集书库/ [索取号:K246.1/14] | 在馆 |